How Europe really works. (Record no. 60783)
[ view plain ]
| 000 -LEADER | |
|---|---|
| fixed length control field | 00529cam a2200157 4500 |
| 001 - CONTROL NUMBER | |
| control field | ABS61101 |
| 008 - FIXED-LENGTH DATA ELEMENTS--GENERAL INFORMATION | |
| fixed length control field | 000000n1999 000 0 eng u |
| 035 ## - SYSTEM CONTROL NUMBER | |
| System control number | (Sirsi) u101655 |
| 100 ## - MAIN ENTRY--PERSONAL NAME | |
| Personal name | Clarke, P. |
| 245 ## - TITLE STATEMENT | |
| Title | How Europe really works. |
| 260 ## - PUBLICATION, DISTRIBUTION, ETC. | |
| Date of publication, distribution, etc. | 1999 |
| 490 ## - SERIES STATEMENT | |
| Series statement | Farmers' Weekly |
| Volume/sequential designation | 131(7) 13 August 1999, 20-21(2) |
| 520 ## - SUMMARY, ETC. | |
| Summary, etc. | Aims to provide a guide to the European institutions, such as the council and the Parliament. Includes a glossary of useful Euro-jargon terms. |
| 690 ## - LOCAL SUBJECT ADDED ENTRY--TOPICAL TERM (OCLC, RLIN) | |
| Topical term or geographic name as entry element | EUROPE-SINGLE MARKET |
| 942 ## - ADDED ENTRY ELEMENTS (KOHA) | |
| Suppress in OPAC | 0 |
| Withdrawn status | Lost status | Source of classification or shelving scheme | Damaged status | Not for loan | Home library | Current library | Shelving location | Date acquired | Total Checkouts | Full call number | Barcode | Date last seen | Copy number | Price effective from | Koha item type |
|---|---|---|---|---|---|---|---|---|---|---|---|---|---|---|---|
| Dewey Decimal Classification | London | London | Journal article | 09/11/1999 | ABS61101 | 101655-1001 | 06/08/2019 | 1 | 06/08/2019 | Journal article |